[Event "Corus"]
[Site "Wijk aan Zee"]
[Date "2006.01.27"]
[Round "11"]
[White "Ivanchuk, Vassily"]
[Black "Topalov, Veselin"]
[Result "1/2-1/2"]
[WhiteElo "2729"]
[BlackElo "2801"]
[Annotator "Gavrikov,V"]
[PlyCount "123"]
[EventDate "2006.01.14"]
[EventType "tourn"]
[EventRounds "13"]
[EventCountry "NED"]
[EventCategory "19"]
[SourceTitle "CBM 111"]
[Source "ChessBase"]
[SourceDate "2006.04.04"]
[SourceVersion "1"]
[SourceVersionDate "2006.04.04"]
[SourceQuality "1"]

1. d4 Nf6 2. c4 e6 3. Nc3 Bb4 4. Nf3 c5 5. g3 O-O 6. Bg2 cxd4 7. Nxd4 d5 8. Qb3
({Usually White prefers} 8. cxd5 Nxd5 9. Qb3) 8... Bxc3+ 9. Qxc3 ({The
continuation} 9. bxc3 e5 10. Nb5 dxc4 11. Qa3 $5 (11. Qxc4 a6 12. Nc7 Ra7 13.
Nd5 b5 14. Qc5 Rd7 $132 {0-1 Gorelov,S-Petrosian,A/Telavi 1982/MCD (54)}) {
gives White sufficient compensation for the pawn but perhaps only enough for
an equal game,e.g.} 11... Nc6 12. Be3 Be6 13. Rd1 Qc8 $5 (13... Nd7 $143 $6 {
1/2-1/2 Kappler,J-Andruet,G/Ales 1984/EXT 2004 (17)} 14. O-O a6 15. Nd6 Qc7 16.
f4 exf4 17. Bxf4 $14) (13... Qb8 14. O-O Rd8 15. Qc5 Rxd1 16. Rxd1 a6 17. Nd6
Nd7 18. Qa3 Qc7 19. Qa4 Na5 20. Nxb7 $1 Nxb7 21. Qc6 Qxc6 22. Bxc6 Rb8 23. Bxd7
Rd8 24. Ba4 Rxd1+ 25. Bxd1 Kf8 $11 {1-0 Giorgadze,T-Polugaevsky,L/Moscow 1983/
EXT 2002 (59)}) 14. Nd6 (14. O-O Rd8) 14... Qc7 15. Nb5 Qc8 16. Nd6 Qc7 17. Nb5
Qc8 {1/2-1/2 Zilberstein,V-Kharitonov,A/Irkutsk 1983/MCD (17)}) 9... e5 10. Nb3
Nc6 $5 ({To an unclear position leads} 10... d4 11. Qa5 Qe8 $5 (11... Qe7 12.
O-O Nc6 13. Qc5 Qc7 14. f4 $36) 12. O-O (12. Bg5 Nc6 13. Qc7 Qd7 $1 14. Qxd7
Nxd7 15. Rc1 a5 $1 16. O-O a4 17. Na1 h6 18. Bd2 Nf6 $11 {0-1 Kamsky,
G-Christiansen,L/Long Beach 1993/CBM 039/(98)}) 12... Nc6 13. Qc7 Qe6 14. Nc5
Qxc4 15. Nxb7 Bxb7 16. Qxb7 e4 17. Bg5 Rab8 18. Qc7 {1-0 Starcic,T-Zeljko,T/
Bled 1998/EXT 2000 (58)} Qe6 19. Bxf6 gxf6) 11. Bg5 ({In case of} 11. cxd5 Nxd5
12. Qc5 Be6 13. Bd2 {deserves attention} Nde7 $5 14. Bc3 b6 15. Qa3 Qe8 16. Rd1
Rd8 17. Rxd8 Qxd8 18. O-O Qb8 {0-1 Gaprindashvili,N-Portisch,L/Reggio Emilia
1992/EXT 2000 (43)}) 11... d4 ({Difficult to say what has Ivanchuk prepared
after} 11... dxc4 {which is probably Black´s simplest way to solve opening
problems,e.g.} 12. Qxc4 Be6 13. Qh4 Bxb3 $1 14. axb3 Nd4 15. O-O Nxe2+ 16. Kh1
Nd4 17. Bxb7 (17. f4 $143 h6) 17... Rb8 18. Be4 h6 19. Bxf6 Qxf6 20. Qxf6 gxf6
21. Rxa7 Rxb3 22. Rb1 Rd8 23. Rb7 Rxb7 24. Bxb7 $11 {1/2-1/2 Grigore,
G-Anapolsky,S/Bucharest 1994/EXT 97 (48)}) 12. Qf3 Be6 ({Also playable is} 
12... a5 13. Nd2 Bg4 14. Qxg4 Nxg4 15. Bxd8 Rfxd8 16. h3 Nf6 17. Ne4 Nxe4 18.
Bxe4 Ne7 19. g4 Rac8 20. b3 b6 21. Kd2 f6 {followed by g6 and f5, 1/2-1/2 Ward,
C-Emms,J/Dundee 1993/TD (38)}) 13. Rc1 Rc8 14. O-O b6 15. Nd2 h6 16. Bxf6 Qxf6
17. Qxf6 gxf6 18. Ne4 f5 $146 {This natural move is a novelty.} ({
Unsatisfactory is} 18... Na5 $6 19. b3 f5 20. Nd6 Rc7 21. Nb5 Re7 22. c5 $14 {
1/2-1/2 Zhukova,N-Goloshchapov,A/Moscow 2005/EXT 2006 (38)}) 19. Nd6 Rc7 20.
Nb5 Rcc8 21. Nd6 Rc7 22. Nb5 Rcc8 23. b3 {White has decided to continue the
game although Black has sufficient counterplay for maintain the balance.} e4
24. f3 $6 {A risky move.} ({More reasonable was} 24. Rfd1 Rfd8 25. e3 (25. c5
$2 bxc5 26. Rxc5 a6 27. Na3 Nb4 28. Rxc8 Rxc8 29. Rxd4 Nxa2 $17) 25... d3 (
25... dxe3 26. fxe3 $13) 26. f3 a6 27. Nc3 b5 $5 28. fxe4 (28. cxb5 $2 Nb4 {
/\ d2}) 28... bxc4 29. exf5 (29. bxc4 fxe4 30. Nxe4 Ne5 $132) 29... d2 30. Rc2
cxb3 31. Rcxd2 Rxd2 32. Rxd2 bxa2 33. Nxa2 Bxf5 34. Rd6 Ne5 35. Rxa6 Be6 $11 {
/\ Rc2}) 24... a6 25. Nd6 Rcd8 26. c5 e3 27. f4 Nb4 28. Nb7 Rb8 29. c6 $5 {
Best practical chance.} ({If} 29. cxb6 $6 {then} Nxa2 30. Rc7 Nc3 31. Re1 Bxb3
32. Nc5 $140 Rxb6 33. Nd7 Rb4 34. Nxf8 Kxf8 35. Ra7 Bc4 36. Bf3 Ra4 $17) 29...
Nxa2 30. Bf3 $5 {By protecting the pawn on e2 White prepares Rcd1.} Nxc1 ({
Stronger was} 30... Bxb3 $1) 31. Rxc1 Bxb3 {Allows White to win back the
exchange.} (31... Rbe8 $142 $5 32. c7 $140 Re7 33. Nd6 Bc8) 32. c7 Rbe8 33. Nd6
Be6 34. Bb7 Bc8 35. Nxc8 Rxc8 36. Bxa6 Rfe8 37. Bxc8 Rxc8 38. Kg2 $11 b5 (38...
Kf8 39. Rc4 Ke7 40. Rxd4 Rxc7 41. Rb4 Rc6 42. Rb5 Kf6 43. Kf3 Re6 $11) 39. Kf3
b4 40. Rc4 b3 41. Rxd4 Rxc7 42. Rb4 Rc3 43. Rb5 Kf8 44. Rxf5 Ke7 45. g4 Kd6 46.
Rb5 ({Of course not} 46. Rxf7 $4 Kc6 47. Rf8 Kb7 48. Rf5 Rc6 $19) 46... Kc6 47.
Rb8 Kd5 48. h4 f6 49. h5 Kd4 50. Rb4+ Kc5 51. Rb7 Kd5 52. g5 fxg5 53. fxg5 hxg5
54. Rb8 Rc4 55. Rxb3 Ke5 56. Rxe3+ Kf5 57. Kg2 Rg4+ 58. Rg3 Re4 59. Kf2 Rh4 60.
Rf3+ Ke4 61. Re3+ Kf5 62. Rf3+ 1/2-1/2

[Event "Mataro GM 1st"]
[Site "Mataro"]
[Date "2004.12.30"]
[Round "5"]
[White "Moskalenko, Viktor"]
[Black "Gonzalez Garcia, Jose"]
[Result "1/2-1/2"]
[WhiteElo "2551"]
[BlackElo "2447"]
[Annotator "Gavrikov,V"]
[PlyCount "60"]
[EventDate "2004.12.26"]
[EventType "tourn"]
[EventRounds "9"]
[EventCountry "ESP"]
[EventCategory "9"]
[SourceTitle "CBM 106"]
[Source "ChessBase"]
[SourceDate "2005.06.06"]
[SourceVersion "1"]
[SourceVersionDate "2005.06.06"]
[SourceQuality "1"]

1. d4 Nf6 2. c4 e6 3. Nc3 Bb4 4. f3 O-O ({An interesting alternative to the
usual continuation} 4... d5 5. a3 Bxc3+ 6. bxc3 c5) 5. e4 d5 6. e5 Nfd7 7. cxd5
({Dubious is} 7. a3 $6 Bxc3+ 8. bxc3 dxc4 9. f4 (9. Bxc4 $2 Nxe5) (9. Nh3 c5
10. Ng5 cxd4 11. cxd4 {1/2-1/2 Sakaev,K-Timoshenko,G/Kherson 1991/CBM 021 ext 
(32)} h6 $5 12. Ne4 Nc6 {/\ Nb6 =/+}) 9... Nb6 10. Nf3 Nc6 11. Qc2 f5 12. a4
Na5 13. Ba3 Re8 $15 {0-1 De Santis,A-Rotstein,A/Arco 2003/EXT 2004 (56)}) 7...
exd5 8. a3 ({After} 8. f4 c5 9. Nf3 (9. a3 Ba5 10. Nf3 cxd4 11. Nxd4 Nxe5 $1
12. fxe5 Qh4+ 13. Ke2 Bb6 14. Be3 Bg4+ 15. Nf3 d4 16. Bxd4 Bxf3+ 17. Kxf3 Bxd4
18. g3 Qh5+ 19. Kg2 Qxe5 20. Qf3 Nc6 $17 {0-1 Volkov,S-Vekshenkov,N/Togliatti
2003/CBM 094 ext (72)}) {Black can exploit an untested idea} 9... cxd4 $5 (9...
Nc6 10. a3 Ba5 11. Be3 cxd4 12. Nxd4 Bxc3+ 13. bxc3 Qa5 14. Qc2 Nc5 $13 {
1/2-1/2 Mohr,S-Skrobek,R/Debica 1987/EXT 2005 (20)}) 10. Nxd4 Nxe5 $1 11. fxe5
Qh4+ 12. Ke2 Bc5 13. Be3 Bg4+ 14. Nf3 d4 15. Bg1 Rd8 16. Qe1 Qh6 {with more
than sufficient compensation for the piece} 17. Ne4 $140 d3+ 18. Kd1 Bxg1 19.
Rxg1 Qxh2 20. Qe3 Nc6 $17) 8... Bxc3+ 9. bxc3 f6 10. exf6 ({A well-known
mistake is} 10. f4 $2 fxe5 11. dxe5 Nxe5 $1 {0-1 Naumann,A-Timoshenko,G/Berlin
1997/CBM 059 ext (30)} 12. fxe5 $140 $2 Qh4+ 13. Kd2 Qf4+) 10... Qxf6 ({
Playable is} 10... Re8+ 11. Kf2 Qxf6 12. h4 Nb6 13. Bg5 Qf7 14. Bd3 Bf5 15.
Bxf5 Qxf5 16. g4 Qf7 17. Nh3 Nc6 18. Qd3 h6 19. Rae1 Ne7 (19... Nc4 $142) 20.
h5 Nc4 21. Bc1 {1/2-1/2 Korniukov,A-Brodsky,M/Krasnodar 2003/EXT 2005 (21)})
11. Bd3 Nb6 12. Ne2 Bf5 {By exchanging the light-squared bishops Black secures
the c4-square for the knight with a pleasant position.} 13. Bf4 {The idea of
this new move is to prepare the manoeuvre Be5 and f4.} (13. O-O Nc6 14. Bf4 Rf7
15. Rb1 Re8 {0-1 Kantorik,M-Johansson,J/Stare Mesto 2003/CBM 095 ext (50)})
13... Bxd3 14. Qxd3 Qe7 15. O-O Nc4 16. Rfe1 Nc6 ({The other way to develop
this knight is} 16... Qf7 17. Be5 c6 18. f4 Nd7 {with roughly equal chances.})
17. Ng3 Qf7 ({Attention deserves} 17... Qd7 18. Be5 N4xe5 19. dxe5 Rae8 20. Qb5
Rxe5 (20... b6 21. Rad1 Nxe5 22. Qxd7 Nxd7 23. Rxe8 Rxe8 24. Rxd5 Nc5 25. Kf2
$11) 21. Rxe5 Nxe5 22. Qxb7 a5 23. Rd1 Rd8 {with Nc4 to follow.}) 18. Be5 N6xe5
(18... N4xe5 19. dxe5 Rae8 20. f4 Qxf4 $140 21. Qxd5+ Kh8 22. e6 $14) 19. dxe5
Rae8 20. f4 ({After} 20. Qd4 $2 b6 21. Rad1 c6 22. a4 Re6 23. Re2 Qf4 $1 {
the e5-pawn is vulnerable.}) 20... Qxf4 ({Black could also play} 20... g5 $5
21. e6 (21. fxg5 Nxe5 22. Qd4 c5 23. Qd1 Kh8) 21... Rxe6 22. Rxe6 Qxe6 23. fxg5
Qe3+ 24. Qxe3 Nxe3 25. Re1 Nc4 {and White has nothing better than a repetition
of moves.} 26. Re7 Rf7 27. Re8+ Rf8 (27... Kg7 28. h4) 28. Re7 Rf7) 21. Qxd5+
Kh8 22. Qxb7 Rxe5 23. Qxa7 Ra5 24. Qd4 Qxd4+ 25. cxd4 Rxa3 26. Rac1 Ne3 27. Nf1
({Or} 27. Rxc7 Ra2 28. Re7 Nxg2 29. Rf1 Rxf1+ 30. Kxf1 Kg8 31. d5 (31. Nh5 Nh4
32. Rxg7+ Kf8 33. Rxh7 Nf3 $11) (31. Nf5 g6 32. Nh6+ Kf8 33. Rxh7 Ne3+ $11)
31... Kf8 32. d6 Nh4 33. Re4 Ng6 {with a draw.}) 27... Nxf1 28. Rxf1 Rxf1+ 29.
Kxf1 Ra7 30. Ke2 Kg8 1/2-1/2

[Event "RUS-ch sf 58th"]
[Site "Kazan"]
[Date "2005.09.04"]
[Round "2"]
[White "Volkov, Sergey"]
[Black "Bocharov, Dmitry"]
[Result "1-0"]
[WhiteElo "2622"]
[BlackElo "2574"]
[Annotator "Gavrikov,V"]
[PlyCount "83"]
[EventDate "2005.09.03"]
[EventType "swiss"]
[EventRounds "9"]
[EventCountry "RUS"]
[SourceTitle "CBM 109"]
[Source "ChessBase"]
[SourceDate "2005.11.14"]
[SourceVersion "1"]
[SourceVersionDate "2005.11.14"]
[SourceQuality "1"]

1. d4 Nf6 2. c4 e6 3. Nc3 Bb4 4. f3 c5 5. d5 O-O ({After} 5... b5 6. e4 bxc4 7.
Bxc4 Nxd5 8. Bxd5 exd5 9. Qxd5 Nc6 10. Nge2 Ba6 11. Kf2 O-O 12. Rd1 Ba5 (12...
Qb6 13. Be3 d6 14. Rab1 $14 {1/2-1/2 Sakaev,K-Kochyev,A/St Petersburg 1995/CBM
047 (21)}) {deserves attention} 13. a3 $5 Rb8 14. Bg5 Qc8 15. Rab1 {1/2-1/2
Volkov,S-Sorokin,M/Ekaterinburg 2002/CBM 090 (54) with better prospects for
White.}) ({but two other alternatives are quite playable for Black:} 5... exd5
6. cxd5 d6 7. e4 O-O 8. Nge2 (8. Bd3 Nbd7 9. Nge2 a6 10. O-O b5 11. Ng3 c4 12.
Bc2 Bc5+ 13. Kh1 Ne5 $132 {0-1 Zaichko,A-Totsky,L/Ekaterinburg 1996/EXT 2000 
(41)}) 8... a6 9. Ng3 Re8 10. Be2 Nbd7 11. O-O Nf8 12. Qc2 Bd7 13. Nd1 b5 14.
a3 Ba5 15. Ne3 Ng6 16. Nef5 Bxf5 17. Nxf5 Ne7 18. Ng3 c4 19. Kh1 Nd7 20. Bf4
$11 {1/2-1/2 Shirov,A-Wedberg,T/Stockholm 1989/EXT 2002 (20)}) (5... Bxc3+ 6.
bxc3 d6 7. e4 e5 8. Bd3 Nbd7 9. Ne2 Nf8 (9... h6 10. O-O g5 11. Ng3 Nf8 12. Bc2
Ng6 13. Nf5 Kf8 14. g3 Ne7 15. Be3 Nxf5 16. exf5 Bd7 $13 {1-0 Gomez,
J-Hernandez,E/Santo Domingo 2001/EXT 2003 (53)}) 10. h4 h5 11. Bg5 N8h7 12. Bd2
Qa5 13. a4 Bd7 14. Nc1 Qc7 15. Nb3 g6 16. a5 O-O-O 17. Qe2 Ng8 $1 18. Kd1 f5
19. Be3 Ngf6 20. Nd2 Rde8 $132 {0-1 Malaniuk,V-Vladimirov,E/Moscow 1992/EXT 97
(34)}) 6. e4 d6 ({In case of immediate} 6... b5 {Black has to reckon with} 7.
e5 (7. Bg5 h6 8. Bh4 Re8 $5 9. dxe6 Rxe6 10. Nge2 g5 11. Bf2 bxc4 12. a3 Ba5
13. h4 g4 14. Nf4 (14. Bxc5 d5 $15) 14... Rb6 15. Qd2 Nc6 $1 16. Bxc5 {[#]}
Rab8 $5 17. Bxb6 Qxb6 $44 {0-1 Volkov,S-Sakaev,K/New Delhi/Teheran 2000/CBM
081/ (43)}) 7... Ne8 8. f4 $5 $146 {e.g.} (8. dxe6 fxe6 9. cxb5 a6 $13 {
1/2-1/2 Radjabov,T-Istratescu,A/Antalya 2004/CBM 101 (42)}) 8... d6 9. Nf3 bxc4
10. Bxc4 Ba6 11. Bxa6 Nxa6 12. O-O Bxc3 13. bxc3 exd5 14. Qxd5 dxe5 15. Qxd8
Rxd8 16. Nxe5 f6 $6 (16... Nec7 $142) 17. Nc6 Rd7 18. Rb1 $14 {1-0 Bluvshtein,
M-Efimenko,Z/Montreal 2005/CBM 109_01 (68)}) 7. Nge2 (7. Bd3 b5 8. Nge2 exd5 9.
cxd5 a6 10. O-O Nbd7 {transposes to the line 5...exd5}) 7... b5 ({This is
Black´s main continuation,however also here more promising is instead} 7...
exd5 8. cxd5 a6 ({or} 8... Nbd7)) 8. Nf4 $1 {Practically forcing Black to
close the centre after which White´s space advantage will play an important
role.} e5 9. Nfe2 bxc4 10. Ng3 Nbd7 {This new try does not change the
evaluation of position as preferable for White.} (10... Ba6 11. Bg5 $5 h6 12.
Be3 Bc8 $6 (12... Nbd7) 13. Bxc4 Nbd7 14. O-O Nb6 15. Be2 Bxc3 16. bxc3 Bd7 17.
a4 $14 {1-0 Shirov,A-Savon,V/Moscow 1991/URS-ch (43)}) (10... Ne8 11. Bxc4 f5
12. exf5 Qh4 13. Qe2 Bxc3+ 14. bxc3 Bxf5 15. O-O Bg6 16. Bd3 Bxd3 17. Qxd3 $14
{1-0 Milov,V-Zelcic,R/Ohrid 2001/CBM 084/ (41)}) 11. Bxc4 Nb6 12. Be2 c4 {
Vacating the c5-square for the bishop but now Black´s c-pawn can be vulnerable.
} 13. O-O Bd7 14. Kh1 Re8 $6 {The waste of time because White is not planning
f3-f4.} ({Black should have protect his queenside by} 14... Qe7 15. Be3 Rfc8)
15. Bg5 $5 h6 16. Be3 Rc8 17. Qc2 Bc5 18. Bd2 Bd4 $6 ({It seems to me that
better was here} 18... Bb4 19. a3 Ba5 {preventing the advance a4-a5.}) 19. a4
$1 Rc5 ({Bad is} 19... a5 $2 20. Nb5 Bxb5 21. axb5 a4 22. Ba5) 20. a5 Nc8 21.
Na4 Rc7 22. Rfc1 Bb5 23. Nc3 Bd7 $2 {This mistake places Black in serious
trouble.} (23... Ba6 24. Nd1 Ne7 25. Ne3 Qb8 {with the idea} 26. Nxc4 Bxc4 27.
Bxc4 Qxb2 28. Ra2 Qxc2 29. Raxc2 Rb8 {allowed to continue the game in slightly
worse ending.}) 24. Nd1 $1 {[%csl Rc4]} Bb5 25. Ne3 Ne7 $2 {Now White´s task
is much easier.} ({More tenacious is} 25... Qd7 26. Nxc4 Bxc4 27. Bxc4 Rxc4 28.
Qxc4 Bxb2 29. Rab1 Bxc1 30. Qxc1 $16) 26. Nxc4 Ng6 ({Or} 26... Bxc4 27. Bxc4
Rxc4 28. Qxc4 Bxb2 29. Rab1 Bxc1 30. Qxc1 $1 {[%cal Gd2h6,Gb1b7] with decisive
threats.}) 27. Nf5 Nh5 (27... Bxc4 28. Bxc4 Rxc4 29. Qxc4 Bxb2 30. Qa6 Bxa1 31.
Rxa1 $18) 28. g3 ({Also possible was} 28. Nxd4 exd4 29. Qd1 Nhf4 30. Bf1) 28...
Bxc4 29. Bxc4 Rxc4 30. Qxc4 Bxb2 31. Qb4 Bxa1 32. Rxa1 {The d6-pawn collapses
and with it Black´s position.} Kh7 33. Qxd6 Qc8 34. Rc1 Qb7 35. Qb4 Qd7 36. Be3
Rc8 37. Rc4 Rxc4 38. Qxc4 Qb7 39. a6 Qb1+ 40. Kg2 Qb2+ 41. Kg1 Qa3 (41... Qb1+
42. Qc1 Qd3 43. Qf1 Qa3 44. Bxa7 $18) 42. d6 1-0

[Event "GER-ch 76th"]
[Site "Altenkirchen"]
[Date "2005.02.20"]
[Round "3"]
[White "Fish, Gennadij"]
[Black "Khenkin, Igor"]
[Result "0-1"]
[WhiteElo "2523"]
[BlackElo "2604"]
[Annotator "Gavrikov,V"]
[PlyCount "70"]
[EventDate "2005.02.18"]
[EventType "swiss"]
[EventRounds "9"]
[EventCountry "GER"]
[SourceTitle "CBM 106"]
[Source "ChessBase"]
[SourceDate "2005.06.06"]
[SourceVersion "1"]
[SourceVersionDate "2005.06.06"]
[SourceQuality "1"]

1. d4 Nf6 2. c4 e6 3. Nc3 Bb4 4. g3 ({A more precise move order is} 4. Nf3 c5
5. g3 {because now Black can transpose to a favourable version of Catalan
Opening by playing d7-d5xc4.}) 4... O-O 5. Bg2 d5 6. Nf3 dxc4 7. O-O Nc6 8. Bg5
({White has also tried:} 8. a3 Be7 9. e4 Na5 10. Bf4 c6 11. Qe2 b5 12. Rad1 Bb7
13. Rfe1 a6 $15 {1-0 Gulko,B-Popovic,P/Paris 1986/TD (33)}) (8. Re1 Nd5 9. Qc2
Be7 10. Ne4 Ndb4 11. Qc3 b5 12. a3 Nd5 13. Qc2 Bd7 $15 {0-1 Ward,C-Timman,J/
Breda 1998/EXT 99 (37)}) (8. e3 Rb8 9. Qe2 b5 10. Rd1 {[%cal Ge3e4]} Nd5 11.
Bd2 Be7 $5 12. e4 Nxc3 13. bxc3 Na5 $1 {[%cal Gc7c5]} 14. h4 Bb7 15. Ng5 {
[%cal Ge2h5]} h6 16. Nh3 {[%cal Gh3f4,Gf4h5]} c5 $1 {1-0 Mikhalevski,V-Divljan,
I/Montreal 2004/CBM 101 ext/(42)} 17. Bf4 (17. dxc5 $2 Qc7 $1 18. Nf4 Bxc5 19.
Nh5 Kh7 $1 $17) 17... Rc8 18. dxc5 Qe8 19. Bd6 Ba8 $1 20. Nf4 Nb7 21. a4 bxa4
22. Bxe7 Qxe7 23. Rxa4 Nxc5 24. Rxc4 a5 {with a promising position for Black.})
8... h6 9. Bxf6 Qxf6 10. e3 {This has been played most often but it seems to
me that the whole line is certainly risky for White.} ({White has two other
popular possibilities:} 10. Ne4 Qe7 11. a3 Ba5 12. Qa4 Bb6 13. Qxc4 e5 14. d5
Nd4 $36 {0-1 Abbondanza,L-McMahon,D/Massy 1993/EXT 97 (30)}) (10. Rc1 {
(probably the better choice)} Rd8 11. e3 Qe7 12. Qe2 Na5 13. Nd2 Bd7 14. Nxc4
Bxc3 15. Rxc3 Bb5 16. b3 c5 17. Qh5 Bxc4 18. bxc4 cxd4 19. exd4 Qb4 20. Rf3 g6
21. Qxh6 Rxd4 22. Qg5 Nxc4 (22... Rxc4 23. a3 Qc5 24. Qf6 Rf8 25. Rd3 $13) 23.
Rb3 Qd2 24. Qf6 Nd6 {1/2-1/2 Ftacnik,L-Gabriel,C/Germany 1996/GER-chT (31)} 25.
Bxb7 Rb8 26. Bf3 {with approximately equal position.}) 10... Rb8 $1 {This
looks best since it prepares b7-b6 and it is unlikely for White to win back
the sacrificed pawn.} ({For the alternative} 10... Rd8 {interesting is the
following recent example:} 11. Ne4 $146 (11. Nd2) 11... Qe7 12. a3 Bd6 13. Nfd2
e5 14. Nxc4 exd4 15. exd4 Bf5 16. Nc3 (16. Re1 $142 Qd7 17. Nexd6 cxd6 18. Qd2)
16... Qf6 17. Nd5 Qxd4 18. Nxd6 Qxd1 19. Rfxd1 cxd6 (19... Rxd6 20. Nxc7 Rad8
21. Rxd6 Rxd6 $11) 20. Rac1 (20. Nc7 Rab8 21. Nb5) 20... Be6 21. b4 Rac8 22. b5
(22. Rxc6 bxc6 23. Ne7+ Kf8 24. Nxc8 Rxc8 25. Rxd6 c5 26. bxc5 Rxc5 $11) 22...
Bxd5 23. Bxd5 Na5 24. Ba2 $44 Kf8 25. Kg2 (25. Rxc8 $6 Rxc8 26. Rxd6 $4 Rc2 27.
b6 axb6 28. Bd5 Rd2 $19) 25... Ke7 26. Re1+ Kf8 27. Red1 {1/2-1/2 Ehlvest,
J-Yermolinsky,A/Moscow 2005/CBM 106_01 (27)}) 11. Nd2 Na5 ({In the event of} 
11... Bxc3 12. bxc3 Na5 13. Qa4 b6 {White can reply} 14. Nxc4 $5 ({worse is} 
14. Rfb1 $6 Ba6 15. Ne4 Qe7 16. Nc5 Bc8 17. f4 Rd8 18. Rb2 Bd7 19. Nxd7 Qxd7
20. Qc2 Qe7 $15 {1/2-1/2 Burmakin,V-Sarosi,Z/Harkany 1993/EXT 97 (61)}) 14...
Ba6 (14... Nxc4 15. Qxc4 Qe7 16. Rfc1 Bb7 17. Bxb7 Rxb7 18. Qc6 Rfb8 19. c4 Qd6
$11 {1/2-1/2 Arkhipov,S-Horvath,C/Kecskemet 1985/EXT 2000 (45)}) 15. Nxa5 Bxf1
16. Rxf1 bxa5 17. Qxa5 {with adequate compensation for the exchange.}) 12. Qa4
$6 ({Perhaps} 12. Qc2 {is stronger, although Black can keep the c4-pawn by} Qd8
$5 (12... Qe7 13. a3 Bd6 14. Nce4 b6 (14... b5 $6 15. a4 Bd7 $6 (15... b4 $142
16. Nxc4 b3 17. Qc1 Nxc4 18. Qxc4 e5) 16. axb5 Rxb5 17. Nc3 Nb3 18. Nxb5 Nxa1
19. Qxc4 Bxb5 20. Qxb5 Nc2 21. Nc4 $16 {1-0 Khalifman,A-Gurevich,M/Kiev 1986/
URS-ch (65)}) 15. Nxc4 Nxc4 16. Qxc4 Bb7 $11 {1/2-1/2 Kruppa,Y-Splosnov,S/
Minsk 1997/EXT 2000 (22)}) 13. a3 Be7 14. Ne2 b5 15. a4 c6 {with the idea} 16.
b3 (16. axb5 cxb5 17. Qc3 b4 18. Qc2 Ba6 19. Rfe1 Bb5) 16... Bb4 $1 (16... cxb3
17. Nxb3 Nxb3 18. Qxb3 Ba6 $15) 17. bxc4 Bxd2 18. Qxd2 Nb3 19. Qb2 Nxa1 20.
Rxa1 Qc7 21. c5 b4 $17 {1/2-1/2 Sulava,N-Lukacs,P/Budapest 1990/EXT 97 (30)})
12... Qe7 $1 13. a3 Bxc3 14. bxc3 b6 15. Rfd1 {Unfortunately for White he
cannot take on c4 in view of Bd7.} (15. Qb4 c5 (15... Qd6 $5) 16. dxc5 Qxc5 17.
Qxc5 bxc5 18. Ne4 Nb3 19. Rad1 Rb6 20. Nd6 Ba6 $15 {0-1 Alvarez,J-Vera,R/Cuba
1993/TD (33)}) 15... c5 $17 16. dxc5 Qxc5 17. Ne4 Qc7 18. Rab1 (18. Nd6 Bd7 19.
Qb4 Nb3 (19... Bc6) 20. Rab1 b5 21. Ne4 Bc6) 18... Bb7 19. Rd7 Qe5 20. Qc2 Rbd8
21. Rbd1 Bd5 22. f4 Qb8 23. Rxd8 Rxd8 24. Nf2 Bxg2 25. Kxg2 Nb3 26. e4 b5 27.
Kf3 Kf8 28. Ke2 f6 29. e5 Rxd1 ({But not} 29... fxe5 $2 30. Qh7 Kf7 {which
allows White to win the queen by} 31. Ng4 $1 exf4 32. Nxh6+ Kf6 33. Ng4+ Kf7
34. gxf4 Rxd1 35. Ne5+ Qxe5+ 36. fxe5) 30. Qxd1 fxe5 31. Qd7 exf4 32. Ne4 Qe5
33. Qd8+ Kf7 34. Kf3 fxg3 35. hxg3 Nc5 0-1

[Event "St Maxime-02"]
[Site "St Maxime"]
[Date "1982.05.??"]
[Round "9"]
[White "Giffard, Nicolas"]
[Black "Cebalo, Miso"]
[Result "0-1"]
[WhiteElo "2345"]
[BlackElo "2495"]
[Annotator "Giffard,N"]
[PlyCount "76"]
[EventDate "1982.05.??"]
[EventType "tourn"]
[EventRounds "13"]
[EventCountry "FRA"]
[EventCategory "7"]
[SourceTitle "EXT 2018"]
[Source "ChessBase"]
[SourceDate "2017.10.13"]
[SourceVersion "1"]
[SourceVersionDate "2017.10.13"]
[SourceQuality "1"]
[TimeControl "40/9000:16/5400:0"]

1. d4 Nf6 2. c4 e6 3. Nc3 Bb4 4. g3 c5 5. Nf3 cxd4 6. Nxd4 Ne4 7. Qd3 Qa5 8.
Nb3 Nxc3 9. Bd2 Ne4 10. Qxe4 Bxd2+ 11. Nxd2 O-O 12. Bg2 Nc6 13. Qe3 d5 14. O-O
d4 15. Qd3 e5 16. a3 Be6 (16... f5 17. Nb3 {Ljubojevic,L (2590)-Szmetan,J 
(2400) Konex Buenos Aires 1979 (7) 1-0} (17. b4)) 17. b4 Qc7 18. f4 exf4 19.
gxf4 g6 $146 (19... f6 20. Nb3 {Farago,I (2510)-Kruszynski,W (2285) Rubinstein
Memorial 17th 1979 (2) 1-0}) 20. f5 $2 (20. Ne4 $5 {[%csl Rf6]}) 20... Bxf5 21.
Rxf5 $6 {L'attaque Blanche est inexistante} gxf5 22. Qxf5 f6 23. b5 Ne7 24.
Qe6+ Kg7 25. Kh1 Ng6 26. Qd5 Rae8 27. Qxb7 Qxb7 28. Bxb7 Rxe2 29. Rd1 Ne5 30.
Nb3 d3 31. Nd4 Re8 32. h3 Rf2 33. Bd5 d2 34. Kg1 Nd3 35. Ne6+ Kh6 36. c5 Rg8+
37. Kh1 Rg3 38. c6 Re3 0-1